Carl Larsson : watercolours and drawings /

Guardado en:
Detalles Bibliográficos
Autor principal: Larsson, Carl
Otros Autores: Puvogel, Renate
Formato: Libro
Lenguaje:inglés
Publicado: Köln : Taschen, 1994
Etiquetas: Agregar Etiqueta
Sin Etiquetas, Sea el primero en etiquetar este registro!

MARC

LEADER 00000nam a22000007i 4500
001 IT\ICCU\UBO\4023524
003 ItRI
005 20260115231841.0
008 130711s1994 gw |||||| ||||| |||||c
020 |a 382288572X 
040 |b ita  |c importazione bologna sebina 
041 7 |a eng  |2 ISO-639-2 
100 1 |a Larsson, Carl  |0 IT\ICCU\RAVV\007139 
245 1 0 |a Carl Larsson :  |b watercolours and drawings /  |c with a text by Renate Puvogel. 
260 |a Köln :  |b Taschen,  |c 1994 
300 |a 95 p. :  |b ill. ;  |c 23 cm. 
700 1 |a Puvogel, Renate  |0 IT\ICCU\VEAV\046928 
942 |2 ddc  |c BK  |n 0 
952 |0 0  |1 0  |4 0  |6 DOC_759_850000000000000_PUV  |7 0  |9 14264  |a BO  |b BO  |d 2026-01-15  |i 17034  |l 0  |o DOC 759.85 PUV  |p BO17034  |r 2026-01-15 23:18:41  |w 2026-01-15  |x [Sebina 5] [1 v.]  |y BK  |z 1 v. 
999 |c 12306  |d 12306